01425cam a22003737a 4500003000500000005001700005008004100022010001000063011001000073035001000083040000900093090001800102100003000120245015300150260007500303300001900378490004000397590004100437590004100478590004100519590004200560650003500602650002900637650003100666650004100697700003400738830004700772901000700819905001300826942000900839949005100848999001700899952013500916CHAP20220329142438.0010223s1998 mx a r 00010 spa d a83596 a84568 a95089 cCHAP aFolleto 1616100aMay Chan, Soledad.97317413aLa actividad productiva de traspatio como un elemento integrador de tradición, produtividad y familiac/por Soledad May Chan y Alma Valencia Arana aMéxico, D.F. :bSAGAR. Subsecretaría de Desarrollo Social,c[1998] a32 p. :bilus. 3aLa mujer origen de la vida ...v; 5 aBATCH-UPDb10c20130110lUCH01h0504 aBATCH-UPDb10c20130410lUCH01h0142 aBATCH-UPDb10c20130914lUCH01h0034 aCONVERSIONb10c20130109lUCH01h134614aAgricultura doméstica.9200014aDesarrollo rural.93206714aHuertos familiares.95672614aMujer en comunidades rurales.9793600 aValencia Arana, Alma.911739803aLa mujer origen de la vida ...v; 5964235 aBK aEdna Luz cFOLL aFolleto 16161bBCcFOLLd950891eTS1i95089sb c83596d83596 00102local4051708FOLLaBCbBCcPA_FOLLETOSd2012-12-17fFOLLl0oFolleto 16161p950891r2019-12-31 00:00:00w2012-12-17yFOLL